| 000 | 00825nas a22002297a 4500 | ||
|---|---|---|---|
| 005 | 20260603155627.0 | ||
| 008 | 260512b19671971pormr|j|r|||| 00| z0por d | ||
| 040 | _cBR-ViAPE | ||
| 245 | _aRevista Capixaba | ||
| 260 |
_aVitória _c1967-1971 _bEditoria Artenova Ltda |
||
| 300 |
_av. _bil. |
||
| 310 | _aMensal | ||
| 362 | _aAno I, n. 2 (jan. 1971) - ano V, n. 45 (jan. 1971). | ||
| 500 | _aDisponibilizada apenas a imagem da capa na versão digital, em virtude de restrições de direitos autorais. | ||
| 500 | _aColeção incompleta: disponíveis apenas alguns números do periódico. | ||
| 650 |
_aCultura _xPolítica _xCrônica _zEspírito Santo |
||
| 651 |
_aEspírito Santo (Brasil) _vPeriódicos |
||
| 700 |
_aPacheco, Álvaro _eDiretor |
||
| 710 | _aEditora Artenova Ltda | ||
| 942 |
_2ddc _cPER _n1 |
||
| 999 |
_c641 _d641 |
||